000 00455nam a2200181Ia 4500
008 230524s9999 xx 000 0 und d
020 _a9788131518793
082 _a624.1513
_bDAS
100 _aBraja M.Das
245 0 _aPrinciples of Geotechnical Engineering
250 _a7
260 _aNew Delhi
_bCengage Learning
_c2013
300 _a"xiv,655p;"
500 _aQuantity Number: 32
650 _aCivil
700 _aKhaled Sobhan
942 _cBK
999 _c54848
_d54848